=LDR 00000nam 2200000 4500 =001 NUTBA000000000001340 =005 20240605072637 =035 ##$$a 0010-041400000000610 =008 240605###########################0###### =082 ##$$a 028.5 =090 ##$$a 028.5 $b kee a =100 ##$$a Keen Achroni =245 1#$$a Anak kreatif : $b Seri aku dan keluargaku /$c Keen Achroni =260 ##$$a Jakarta :$b Javalitera,$c 2011 =300 ##$$a 24 hlm : $b illus ; $c 27 cm =850 ##$$a NBPBMAT =020 ##$$a 978-6029-817-50-8 =084 ##$$a 028.5 KEE a =990 ##$$a 21194774/BPAP-NTB/2014 =990 ##$$a 21194977/BPAP-NTB/2014 =990 ##$$a 21195172/BPAP-NTB/2014 =990 ##$$a 21196947/BPAP-NTB/2014 =990 ##$$a 21196948/BPAP-NTB/2014